banner koha

Análisis de la lluvia de polen en un fragmento de bosque subandino en Colombia (Registro n. 333980)

MARC details
000 -LÍDER
fixed length control field 03546nab a2200241 i 4500
003 - CÓDIGO MARC DA AGÊNCIA CATALOGADORA
Campo de controle BR-BrBNA
005 - DATA E HORA DA ÚLTIMA ATUALIZAÇÃO
Campo de controle 20250718184724.0
008 - CAMPO DE TAMANHO FIXO
fixed length control field 250718b bl.||||| |||| 00| 0 spa d
040 ## - FONTE DA CATALOGAÇÃO
Agência catalogadora BR-BrBNA
Idioma da catalogação spa
072 ## - CATEGORIA AGRIS
Código AGRIS F63
100 ## - ENTRADA PRINCIPAL - NOME PESSOAL
Nome pessoal Solano-Rodríguez, Cristian Camilo
100 ## - ENTRADA PRINCIPAL - NOME PESSOAL
Nome pessoal Mercado-Gómez, Jorge David
245 ## - TÍTULO PRINCIPAL
Título principal Análisis de la lluvia de polen en un fragmento de bosque subandino en Colombia
500 ## - NOTA GERAL
Nota geral Publicação on-line; Bibliography p. 13-15 (56 ref.); 2 tables; 6 illus.; Summaries (En, Es)
942 ## - ADDED ENTRY ELEMENTS (KOHA)
Koha item type Analítica
520 ## - NOTA DE RESUMO
Nota de conteúdo <br/><br/>Resumen<br/><br/>Se llevó a cabo un análisis de la lluvia de polen y su relación con la vegetación en un fragmento de bosque<br/>subandino en la cordillera Oriental Colombiana entre los 1.500 a 2.400 msnm. Transectos tipo RAP fueron<br/>llevados a cabo para realizar el inventario de la flora. Dentro de cada transecto se recolectaron muestras de<br/>musgos de forma aleatoria, los cuales fueron procesados en el laboratorio, con el fin de obtener datos de lluvia<br/>de polen. Con base en los conteos e identificación de los granos de polen y vegetación, se realizaron diagramas<br/>polínicos, estimaciones de diversidad y fue establecida la lluvia de polen y su relación con la vegetación.<br/>Análisis Clúster y de correspondencia sin tendencia (DCA) fueron elaborados para determinar la presencia de<br/>asociaciones ecologicas de polen vinculados con la altura. Un total de 66 palinomorfos fueron identificados,<br/>siendo el hábito arbóreo dominante. Los sitios ubicados a 2.100 y 2.400 msnm presentaron mayor diversidad<br/>con respecto al polen. El Clúster y el DCA marcan tres agrupaciones compuestas por especies que generan una<br/>posible línea divisoria entre el bosque subandino bajo del alto, con lo cual se generan nuevos resultados que<br/>pueden ser usados en las interpretaciones paleoecológicas.<br/><br/>Palabras clave: bosque andino, Colombia, lluvia de polen actual, paleoecología, palinología.<br/><br/><br/><br/><br/>Abstract<br/><br/>We carried out a modern pollen rain analysis and established its relationship with a Subandean forest fragment<br/>in the Cordillera Oriental of Colombia between 1,500 - 2,400 masl RAP transects were performed in order to<br/>identify plant species. In each transect, moss samples were collected randomly and processed at the laboratory<br/>in order to obtain pollen rain data. Based on pollen grains and vegetation identification and count, we developed<br/>pollen diagrams and diversity analysis, and determined the pollen rain and its relation with the vegetation. Cluster<br/>and Detrended correspondence analysis (DCA) were performed to determine altitude-associated ecological<br/>pollinic species assembly. A total of 66 palynomorphs were identified, being trees the dominant plant habit.<br/>The sites located at 2,100 and 2,400 m a.s.l. showed higher pollen diversity. Finally, the Cluster and the DCA<br/>show three main groups composed of species that generate a possible dividing line between the low and the<br/>high Subandean forest, resulting in new information that can be used for paleoecological interpretation.<br/><br/>Key words: Andean forest, Colombia, modern pollen-rain, paleoecology, palynology<br/>
650 ## - ASSUNTO - THESAGRO
Cabeçalho tópico ou nome geográfico COLÔMBIA
650 ## - ASSUNTO - THESAGRO
Cabeçalho tópico ou nome geográfico PÓLEN
650 ## - ASSUNTO - THESAGRO
Cabeçalho tópico ou nome geográfico POLINIZAÇÃO
773 0# - ENTRADA ANALÍTICA
Host Biblionumber 709
Registro do item 353216
Imprenta Rio de Janeiro-RJ Jardim Botanico do Rio de Janeiro 1935
Outro identificador 2025-4473
Título Rodriguésia (Brazil)
ISSN 0370-6583; 2175-7860 on-line
Colação v. 71 p. 1-15; (2019)
Número de controle de registro BR2025003284
856 ## - ACESSO E ENDEREÇO ELETRÔNICO
Identificador uniforme de recurso - URI https://www.scielo.br/j/rod/a/J7YtMbMQkvQLnNCYzM9N6NF/?format=pdf&lang=es

Nenhum exemplar disponível.

BINAGRI

Telefone: (61)3218-2567/2388/3357/2097 - binagri@agro.gov.br

Ministério da Agricultura e Pecuária , Esplanada dos Ministérios, Bloco D, Anexo B, Brasília/DF, CEP: 70.043-900